[Event "PRO League Group Stage"]
[Site "chess.com INT"]
[Date "2018.02.03"]
[Round "4"]
[White "Blit, Jacques"]
[Black "Clarke, Brandon G I"]
[Result "0-1"]
[WhiteTitle "IM"]
[BlackTitle "FM"]
[WhiteElo "2374"]
[BlackElo "2360"]
[WhiteTeam "Buenos Aires Krakens"]
[BlackTeam "Australia Kangaroos"]
[WhiteFideId "114839"]
[BlackFideId "400319"]
[EventDate "2018.01.18"]

1. f4 g6 2. e4 c5 3. Nf3 Nc6 4. g3 Bg7 5. Bg2 e6 6. O-O Nge7 7. e5 O-O 8. Nc3 d6
9. exd6 Nf5 10. d3 Qxd6 11. Kh1 b6 12. Ne4 Qc7 13. g4 Nd6 14. Ng3 f5 15. gxf5
exf5 16. h4 Bb7 17. h5 Rae8 18. c3 Nf7 19. a4 Bf6 20. Rf2 Nh6 21. d4 Ng4 22. Re2
cxd4 23. cxd4 Rxe2 24. Qxe2 Nxd4 25. Nxd4 Bxg2+ 26. Qxg2 Bxd4 27. Qd5+ Rf7 28.
Qxd4 Rd7 29. Qc3 Rd1+ 30. Kg2 Qb7+ 31. Kh3 Rh1+ 32. Nxh1 Qxh1+ 33. Kg3 Qh2+ 0-1

[Event "PRO League Group Stage"]
[Site "chess.com INT"]
[Date "2018.02.03"]
[Round "4"]
[White "Fedoseev, Vladimir3"]
[Black "Holt, Conrad"]
[Result "1-0"]
[WhiteTitle "GM"]
[BlackTitle "GM"]
[WhiteElo "2724"]
[BlackElo "2578"]
[WhiteTeam "Saint Louis Arch Bishops"]
[BlackTeam "Dallas Destiny"]
[WhiteFideId "24130737"]
[BlackFideId "2034387"]
[EventDate "2018.01.18"]

1. d4 d5 2. c4 c6 3. Nf3 Nf6 4. Qc2 dxc4 5. Qxc4 Bf5 6. g3 e6 7. Bg2 Nbd7 8. O-O
Bd6 9. Nbd2 O-O 10. Qb3 Nb6 11. Re1 Be7 12. e4 Bg6 13. e5 Nfd5 14. Ne4 a5 15. a3
a4 16. Qa2 h6 17. Bd2 Nd7 18. Rac1 Qb6 19. Nc3 Rfc8 20. h4 Qb3 21. Qa1 Qb6 22.
Bh3 Qa6 23. Be3 N7b6 24. Nd2 Nxc3 25. bxc3 c5 26. Bf1 Qa5 27. Qb2 cxd4 28. Bxd4
Bc5 29. Bxc5 Rxc5 30. c4 Rc7 31. Ne4 Bxe4 32. Rxe4 Nd7 33. Rd1 Nc5 34. Red4 Rcc8
35. Rd6 Qc7 36. Bg2 Rab8 37. Qb5 Qe7 38. Bf3 Rc7 39. Kg2 Rbc8 40. R1d4 Nb3 41.
Rf4 Nc5 42. Qb6 Nd7 43. Qd4 Nf8 44. h5 Nd7 45. Re4 Nc5 46. Rg4 Qf8 47. Qe3 Kh8
48. Rgd4 Nb3 49. Rd1 Nc5 50. Qe1 Qe7 51. Qb4 Kg8 52. Be2 Nd7 53. f4 Nc5 54. Bf3
Qe8 55. Qb6 Nd7 56. Qb5 Nc5 57. Qb4 Qf8 58. R1d4 Nb3 59. Rd1 Rxc4 60. Qxb7 Rc2+
61. Kh3 R2c3 62. Qb6 Rb8 63. Qxb8 Qxb8 64. Rd8+ Qxd8 65. Rxd8+ Kh7 66. Be4+ g6
67. Rd7 Kg8 68. hxg6 Nc5 69. gxf7+ Kf8 70. Rd8+ Kxf7 71. Bc6 Rxa3 72. Ra8 Ke7
73. Ra7+ Kd8 74. Kh4 Kc8 75. g4 Kb8 76. Ra5 Nd3 77. f5 Nf4 78. g5 exf5 79. gxh6
Rh3+ 80. Kg5 Ne6+ 81. Kg6 Nf8+ 82. Kg7 Ne6+ 83. Kh7 a3 84. Bd5 Nf4 85. Bf7 Kc7
86. Kg7 Rg3+ 87. Kf6 Rh3 88. Kg5 Ne2 89. e6 Rg3+ 90. Kf6 1-0

[Event "PRO League Group Stage"]
[Site "chess.com INT"]
[Date "2018.02.03"]
[Round "4"]
[White "Mamedyarov, Shakhriyar"]
[Black "Lenderman, Aleksandr"]
[Result "1-0"]
[WhiteTitle "GM"]
[BlackTitle "GM"]
[WhiteElo "2804"]
[BlackElo "2611"]
[WhiteTeam "San Jose Hackers"]
[BlackTeam "Montclair Sopranos"]
[WhiteFideId "13401319"]
[BlackFideId "2021285"]
[EventDate "2018.01.18"]

1. d4 Nf6 2. c4 e6 3. Nf3 d5 4. Nc3 Bb4 5. cxd5 exd5 6. Bf4 O-O 7. Rc1 c6 8. e3
Bd6 9. Bg3 Bf5 10. Bd3 Bxd3 11. Qxd3 Re8 12. Nd2 Na6 13. a3 Nc7 14. Na4 Ne6 15.
b4 Qe7 16. Nc5 Rad8 17. Nf3 Ne4 18. Nd2 Nxd2 19. Kxd2 Ng5 20. f3 Ne6 21. Rhe1
Nxc5 22. bxc5 Bxg3 23. hxg3 Qc7 24. Rh1 g6 25. g4 Re7 26. Rh3 Rde8 27. f4 Qa5+
28. Ke2 Qc7 29. Kf2 f6 30. Rch1 Re4 31. Rg3 R8e7 32. Rb1 Qd7 33. g5 f5 34. Rh3
Qc7 35. Qc3 Kh8 36. Rb3 Kg8 37. a4 a6 38. Rf3 Kf8 39. g3 Ke8 40. Ke2 Kd8 41. Rf1
Kc8 42. Rfb1 Qd8 43. Kd2 h5 44. gxh6 Rh7 45. Rb6 Ree7 46. Qa5 Rc7 47. R6b3 Qe7
48. Qb6 Qd8 49. Qa7 Qe7 50. Rxb7 Rxb7 51. Qa8+ 1-0

[Event "PRO League Group Stage"]
[Site "chess.com INT"]
[Date "2018.02.03"]
[Round "4"]
[White "Shetty, Atulya"]
[Black "Harmon-Vellotti, Luke"]
[Result "1/2-1/2"]
[WhiteTitle "IM"]
[BlackTitle "IM"]
[WhiteElo "2389"]
[BlackElo "2468"]
[WhiteTeam "Pittsburgh Pawngrabbers"]
[BlackTeam "Dallas Destiny"]
[WhiteFideId "2031213"]
[BlackFideId "2030012"]
[EventDate "2018.01.18"]

1. Nf3 Nf6 2. g3 b5 3. Bg2 Bb7 4. O-O e6 5. b3 c5 6. Bb2 Be7 7. d3 O-O 8. c4 a6
9. Nbd2 d6 10. d4 cxd4 11. Bxd4 Nbd7 12. Rc1 Rc8 13. Bb2 Qb6 14. e3 Rfd8 15. Qe2
e5 16. Rfd1 Nc5 17. Ba1 h6 18. Nb1 b4 19. Nh4 Bf8 20. Nd2 a5 21. Bxb7 Qxb7 22.
Qf3 Qxf3 23. Nhxf3 Ra8 24. Bb2 a4 25. Ne1 Ra6 26. Kf1 Nfd7 27. Ke2 f5 28. f4 e4
29. h3 Kf7 30. g4 g6 31. Bd4 Ne6 32. Nc2 Rb8 33. Rb1 Ndc5 34. Ba1 Nd3 35. bxa4
Rxa4 36. a3 b3 37. Rxb3 Rxb3 38. Nxb3 Rxc4 39. Ncd4 Nxd4+ 40. Nxd4 Ra4 41. gxf5
gxf5 42. Nxf5 Rxa3 43. Bd4 d5 44. Rb1 Kg6 45. Rb6+ Kh7 46. h4 h5 47. Ng3 Nxf4+
48. Kf1 Rd3 49. Rb7+ Kg8 50. Nf5 Ng6 51. Rb8 Kf7 52. Rb7+ Ke6 53. Ng3 Nxh4 54.
Nxh5 Ra3 55. Nf4+ Kd6 56. Rb6+ Kd7 57. Rb7+ Kc6 58. Rb6+ Kd7 59. Nxd5 Nf3 60.
Nf6+ Kc8 61. Nxe4 Nxd4 62. exd4 Rd3 63. Rf6 Bb4 64. Rc6+ Kd7 65. Rc4 Be7 66. Ke2
Rh3 67. d5 Ra3 68. Rc3 Rxc3 69. Nxc3 Bf6 70. Kd3 Bxc3 71. Kxc3 Kd6 72. Kd2 Kxd5 1/2-1/2

[Event "PRO League Group Stage"]
[Site "chess.com INT"]
[Date "2018.02.03"]
[Round "4"]
[White "Mamedyarov, Shakhriyar"]
[Black "Caruana, Fabiano"]
[Result "1/2-1/2"]
[WhiteTitle "GM"]
[BlackTitle "GM"]
[WhiteElo "2804"]
[BlackElo "2811"]
[WhiteTeam "San Jose Hackers"]
[BlackTeam "Saint Louis Arch Bishops"]
[WhiteFideId "13401319"]
[BlackFideId "2020009"]
[EventDate "2018.01.18"]

1. d4 Nf6 2. c4 e6 3. Nc3 Bb4 4. Qc2 O-O 5. Nf3 c5 6. dxc5 Na6 7. a3 Bxc3+ 8.
Qxc3 Nxc5 9. e3 b6 10. Be2 Bb7 11. O-O Rc8 12. Rd1 Qe7 13. b3 d5 14. Bb2 dxc4
15. Bxc4 Bxf3 16. gxf3 Qb7 17. Rd4 b5 18. Be2 Na4 19. Qd2 Nxb2 20. Qxb2 Rc5 21.
f4 e5 22. b4 Rc2 23. Qxc2 exd4 24. Rd1 dxe3 25. fxe3 a6 26. Rd6 Qe7 27. Qd3 h6
28. Bf3 Rc8 29. Rxa6 Rc1+ 30. Kg2 g6 31. e4 Kg7 32. e5 Ne8 33. Ra8 Nc7 34. Ra7
Qe6 35. Qd2 Qc4 36. Be2 Qc6+ 37. Bf3 Qc4 38. Be2 Qe4+ 39. Bf3 Qb1 40. Kg3 Ne6
41. h3 Rc4 42. Rxf7+ Kxf7 43. Qd7+ Kf8 44. Qd6+ Kf7 45. Qd7+ Kf8 46. Qd6+ Kf7
47. Qd7+ Kf8 1/2-1/2

[Event "PRO League Group Stage"]
[Site "chess.com INT"]
[Date "2018.02.03"]
[Round "4"]
[White "Mamedyarov, Shakhriyar"]
[Black "Pichot, Alan"]
[Result "1/2-1/2"]
[WhiteTitle "GM"]
[BlackTitle "GM"]
[WhiteElo "2804"]
[BlackElo "2552"]
[WhiteTeam "San Jose Hackers"]
[BlackTeam "Buenos Aires Krakens"]
[WhiteFideId "13401319"]
[BlackFideId "110973"]
[EventDate "2018.01.18"]

1. d4 Nf6 2. Nf3 g6 3. g3 Bg7 4. Bg2 O-O 5. O-O d6 6. Re1 Nc6 7. d5 Nb8 8. c4 c6
9. e4 cxd5 10. exd5 a5 11. Nc3 Na6 12. Be3 Nc5 13. Nd4 Bd7 14. b3 Rc8 15. h3 Re8
16. Qd2 Qb6 17. Ndb5 Qd8 18. Rac1 h5 19. Re2 a4 20. b4 Na6 21. Nxa4 Rxc4 22.
Rxc4 Bxb5 23. Nb2 Bxc4 24. Nxc4 Qd7 25. Nb6 Qb5 26. a3 Rd8 27. Re1 Qe8 28. Bf1
Nc7 29. a4 Na8 30. Bb5 Qf8 31. a5 Nxb6 32. Bxb6 Rc8 33. Bf1 Nd7 34. Bd4 Bxd4 35.
Qxd4 Ne5 36. Kg2 Qd8 37. f4 Nd7 38. g4 hxg4 39. hxg4 Nf6 40. g5 Nh5 41. Bd3 Rc7
42. Rh1 Qc8 43. f5 Rc2+ 44. Kf3 Rd2 45. Ke3 Rxd3+ 46. Qxd3 Ng3 47. Rh2 Qc1+ 48.
Kf3 Nxf5 49. b5 Qxg5 50. Kf2 Qf4+ 51. Kg1 Ne3 52. Qe2 Qg5+ 53. Kh1 Qxd5+ 54. Kg1
Qd4 55. a6 bxa6 56. bxa6 Ng4+ 57. Kg2 Nxh2 58. Qa2 Qg4+ 59. Kxh2 Qh4+ 60. Kg2
Qg4+ 61. Kh2 Qh4+ 62. Kg2 Qg4+ 63. Kh2 Qh4+ 1/2-1/2

[Event "PRO League Group Stage"]
[Site "chess.com INT"]
[Date "2018.02.03"]
[Round "4"]
[White "Mamedyarov, Shakhriyar"]
[Black "Tang, Andrew"]
[Result "1-0"]
[WhiteTitle "GM"]
[BlackTitle "IM"]
[WhiteElo "2804"]
[BlackElo "2513"]
[WhiteTeam "San Jose Hackers"]
[BlackTeam "Minnesota Blizzard"]
[WhiteFideId "13401319"]
[BlackFideId "2059630"]
[EventDate "2018.01.18"]

1. d4 d5 2. c4 e6 3. Nc3 Be7 4. cxd5 exd5 5. Bf4 c6 6. Qc2 Nf6 7. h3 Qa5 8. e3
Ne4 9. Bd3 Bf5 10. Ne2 Na6 11. Qd1 Nxc3 12. bxc3 Bxd3 13. Qxd3 O-O 14. O-O Rfe8
15. Rfb1 b6 16. a4 Rac8 17. Nc1 c5 18. Rb5 1-0

[Event "PRO League Group Stage"]
[Site "chess.com INT"]
[Date "2018.02.03"]
[Round "4"]
[White "Rohde, Michael"]
[Black "Khachiyan, Melikset"]
[Result "1-0"]
[WhiteTitle "GM"]
[BlackTitle "GM"]
[WhiteElo "2388"]
[BlackElo "2522"]
[WhiteTeam "Miami Champions"]
[BlackTeam "Las Vegas Desert Rats"]
[WhiteFideId "2000172"]
[BlackFideId "13300512"]
[EventDate "2018.01.18"]

1. Nf3 Nf6 2. c4 g6 3. Nc3 Bg7 4. e4 d6 5. d4 O-O 6. Be2 Bg4 7. Be3 Nfd7 8. Ng1
Bxe2 9. Ngxe2 a6 10. Rc1 c5 11. O-O Nc6 12. f4 cxd4 13. Nxd4 Nxd4 14. Bxd4 Bxd4+
15. Qxd4 Qb6 16. Qxb6 Nxb6 17. b3 Rfc8 18. Rcd1 Rc5 19. Rd3 a5 20. a4 f6 21. Nd5
Nxd5 22. exd5 Rc7 23. Re1 b6 24. Kf2 Re8 25. Re6 Kf7 26. Kf3 f5 27. g4 b5 28.
cxb5 Rc5 29. gxf5 gxf5 30. Rh6 Kg7 31. Rh5 Kg6 32. Rg5+ Kf6 33. Ke3 e5 34. dxe6
Rxe6+ 35. Kd2 d5 36. Rh3 d4 37. Rh6+ Ke7 38. Rxh7+ Kd6 39. Rgg7 Kd5 40. Re7 Rc3
41. Rd7+ Rd6 42. Rxd6+ Kxd6 43. b6 Rxb3 44. b7 Kd5 45. Re7 d3 46. Re5+ Kd4 47.
Rb5 1-0

[Event "PRO League Group Stage"]
[Site "chess.com INT"]
[Date "2018.02.03"]
[Round "4"]
[White "Rohde, Michael"]
[Black "Smirnov, Anton"]
[Result "1/2-1/2"]
[WhiteTitle "GM"]
[BlackTitle "GM"]
[WhiteElo "2388"]
[BlackElo "2527"]
[WhiteTeam "Miami Champions"]
[BlackTeam "Australia Kangaroos"]
[WhiteFideId "2000172"]
[BlackFideId "3208923"]
[EventDate "2018.01.18"]

1. Nf3 d5 2. c4 c6 3. e3 Nf6 4. Nc3 e6 5. d4 Nbd7 6. a3 Bd6 7. Bd3 dxc4 8. Bxc4
b5 9. Ba2 O-O 10. O-O Qe7 11. h3 a6 12. e4 e5 13. Be3 Bb8 14. Rc1 Ba7 15. Nxe5
Nxe5 16. dxe5 Qxe5 17. Bxa7 Rxa7 18. f4 Qe7 19. e5 Ne8 20. Ne4 Bf5 21. Nc5 Nc7
22. Qd6 Qxd6 23. exd6 Ne8 24. Rfd1 Nf6 25. g4 Bc8 26. Rd4 Nd7 27. b4 a5 28. Bb3
axb4 29. axb4 Re8 30. Kf2 Kf8 31. Ne4 Ra3 32. Bd1 Bb7 33. Bf3 Ra2+ 34. Kg3 Ra3
35. Kf2 Ra2+ 36. Kg3 Ra3 1/2-1/2

[Event "PRO League Group Stage"]
[Site "chess.com INT"]
[Date "2018.02.03"]
[Round "4"]
[White "Rohde, Michael"]
[Black "Izoria, Zviad"]
[Result "0-1"]
[WhiteTitle "GM"]
[BlackTitle "GM"]
[WhiteElo "2388"]
[BlackElo "2599"]
[WhiteTeam "Miami Champions"]
[BlackTeam "San Jose Hackers"]
[WhiteFideId "2000172"]
[BlackFideId "13601733"]
[EventDate "2018.01.18"]

1. Nf3 g6 2. e4 d6 3. d4 Nf6 4. Nc3 Bg7 5. Be2 O-O 6. O-O Nc6 7. d5 Nb8 8. h3 e5
9. dxe6 Bxe6 10. Nd4 Bd7 11. Bg5 h6 12. Bh4 Nc6 13. Nxc6 Bxc6 14. Bd3 Re8 15.
Re1 Qd7 16. a4 Nh5 17. Qf3 Be5 18. Nd5 Bxd5 19. exd5 a6 20. c3 f5 21. Bc2 Qf7
22. a5 g5 23. Bg3 f4 24. Bh2 Nf6 25. c4 Bxb2 26. Rab1 Bd4 27. Bf5 Rxe1+ 28. Rxe1
Kg7 29. Be6 Qg6 30. g4 fxg3 31. Bxg3 Rf8 32. Bf5 Ng8 33. Qd3 Bxf2+ 34. Bxf2 Qxf5
35. Bd4+ Kh7 36. Qg3 Qf3 37. Qxf3 Rxf3 38. Rb1 Rf4 39. Be3 Rxc4 40. Rxb7 Nf6 41.
Ra7 Nxd5 42. Bd2 Rc6 43. Kf2 Kg6 44. Ra8 Kf5 45. Rh8 Nf6 46. Rxh6 Ne4+ 47. Ke3
Nxd2 48. Kxd2 Rc5 49. Rh7 Ke6 50. Kd3 Kd5 0-1

[Event "PRO League Group Stage"]
[Site "chess.com INT"]
[Date "2018.02.03"]
[Round "4"]
[White "Clarke, Brandon G I"]
[Black "Rosenthal, Nicholas"]
[Result "1-0"]
[WhiteTitle "FM"]
[WhiteElo "2360"]
[BlackElo "2169"]
[WhiteTeam "Australia Kangaroos"]
[BlackTeam "Miami Champions"]
[WhiteFideId "400319"]
[BlackFideId "2045150"]
[EventDate "2018.01.18"]

1. e4 e6 2. d4 d5 3. Nc3 Nf6 4. e5 Nfd7 5. f4 c5 6. Nf3 Nc6 7. Be3 a6 8. Qd2 b5
9. dxc5 Bxc5 10. Bd3 Bb7 11. Bf2 Qb6 12. a3 Bxf2+ 13. Qxf2 Qxf2+ 14. Kxf2 Nc5
15. Ke3 Ke7 16. Ne2 b4 17. Ned4 Rhb8 18. h4 h6 19. g4 a5 20. g5 h5 21. f5 g6 22.
fxg6 Nxd3 23. cxd3 fxg6 24. Nxc6+ Bxc6 25. Nd4 Bd7 26. Rhf1 bxa3 27. bxa3 Rb2
28. Rf6 Rg8 29. Rc1 Rh2 30. Rc7 Kd8 31. Ra7 Re8 32. Rf7 Re7 33. Ra8+ Bc8 34.
Rxc8+ Kxc8 35. Rxe7 Rxh4 36. Nxe6 Rg4 37. Rc7+ Kb8 38. Rg7 h4 39. Rxg6 h3 40.
Rh6 d4+ 41. Nxd4 Rxg5 42. Kf4 1-0

[Event "PRO League Group Stage"]
[Site "chess.com INT"]
[Date "2018.02.03"]
[Round "4"]
[White "Rohde, Michael"]
[Black "Harmon-Vellotti, Luke"]
[Result "1-0"]
[WhiteTitle "GM"]
[BlackTitle "IM"]
[WhiteElo "2388"]
[BlackElo "2468"]
[WhiteTeam "Miami Champions"]
[BlackTeam "Dallas Destiny"]
[WhiteFideId "2000172"]
[BlackFideId "2030012"]
[EventDate "2018.01.18"]

1. Nf3 Nf6 2. c4 e6 3. Nc3 b6 4. e4 Bb7 5. Bd3 d6 6. O-O Be7 7. Bc2 c5 8. d4
cxd4 9. Nxd4 O-O 10. Be3 a6 11. f3 Nbd7 12. Qe2 Rc8 13. a3 Qc7 14. Bb3 Rfe8 15.
Rac1 Qb8 16. Rfd1 d5 17. cxd5 exd5 18. Nf5 dxe4 19. fxe4 Bf8 20. Qf3 Ne5 21.
Nh6+ Kh8 22. Nxf7+ Nxf7 23. Bxf7 Rxc3 24. Rxc3 Rxe4 25. Qg3 Qa8 26. h3 Re7 27.
Rcd3 Rxf7 28. Rd8 Bc8 29. Rc1 Qe4 30. Rcxc8 Kg8 31. Bd4 Nh5 32. Qe3 Qg6 33. Be5
Qb1+ 34. Kh2 Rf1 35. Qb3+ 1-0

[Event "PRO League Group Stage"]
[Site "chess.com INT"]
[Date "2018.02.03"]
[Round "4"]
[White "Boros, Denes"]
[Black "Petrosian, Tigran L."]
[Result "1/2-1/2"]
[WhiteTitle "GM"]
[BlackTitle "GM"]
[WhiteElo "2457"]
[BlackElo "2606"]
[WhiteTeam "Webster Windmills"]
[BlackTeam "Seattle Sluggers"]
[WhiteFideId "722340"]
[BlackFideId "13301616"]
[EventDate "2018.01.18"]

1. e4 d6 2. Nc3 g6 3. d4 Bg7 4. h3 a6 5. a4 Nf6 6. Be3 O-O 7. Qd2 Nbd7 8. Nf3 e5
9. Bd3 exd4 10. Bxd4 Re8 11. O-O b6 12. Nd5 Bb7 13. c4 Bxd5 14. exd5 Nc5 15. Qc2
a5 16. Rfe1 Qd7 17. b3 Rxe1+ 18. Rxe1 Re8 19. Rd1 Nh5 20. Bf1 Qd8 21. Bxc5 dxc5
22. Qd2 Qd6 23. g3 Nf6 24. Re1 Qd8 25. Bd3 Rxe1+ 26. Nxe1 Ne8 27. Nf3 Nd6 28.
Qg5 Bf6 29. Qe3 Kg7 30. Kg2 h6 31. h4 Qd7 32. h5 gxh5 33. Bc2 Qg4 34. Qd3 Kf8
35. Qh7 Qg7 36. Qxg7+ Kxg7 37. Nd2 h4 38. Ne4 Ne8 39. Bd1 hxg3 40. fxg3 Be5 41.
Bg4 Kg6 42. Bd7 Ng7 43. Kf3 f5 44. Nf2 h5 45. Nd3 Kf6 46. Nf4 Bxf4 47. Kxf4 h4
48. gxh4 Nh5+ 49. Kf3 Ke5 50. Be8 Nf6 51. Bg6 Ng4 52. h5 Nh6 53. Ke3 Ng8 54. Bh7
Nf6 55. Bg6 Ng4+ 56. Kf3 Nh6 57. Ke3 Ng8 58. Bh7 Nf6 59. Bg6 Ng4+ 60. Kf3 Nh6
61. Ke3 Ng8 1/2-1/2

[Event "PRO League Group Stage"]
[Site "chess.com INT"]
[Date "2018.02.03"]
[Round "4"]
[White "Blit, Jacques"]
[Black "Ravuri, Vinesh"]
[Result "0-1"]
[WhiteTitle "IM"]
[WhiteElo "2374"]
[BlackElo "1990"]
[WhiteTeam "Buenos Aires Krakens"]
[BlackTeam "San Jose Hackers"]
[WhiteFideId "114839"]
[BlackFideId "45042632"]
[EventDate "2018.01.18"]

1. e4 e5 2. Nc3 Nf6 3. g3 Bc5 4. Bg2 d6 5. Na4 Bb6 6. Nxb6 axb6 7. Ne2 O-O 8.
O-O Nc6 9. d4 exd4 10. Nxd4 Bd7 11. b3 Re8 12. Re1 d5 13. Nxc6 Bxc6 14. e5 Nd7
15. Bb2 Nc5 16. a3 Qd7 17. Qd2 Rad8 18. Rad1 Qe7 19. Qd4 Ne6 20. Qg4 d4 21. Bxc6
bxc6 22. f4 Qc5 23. f5 d3+ 24. Kg2 Qxc2+ 25. Kh3 Qxb2 26. fxe6 Rxe6 27. Re2 Rh6+
28. Kg2 Qxb3 29. Red2 Re6 30. Qe4 Qd5 31. Qxd5 Rxd5 32. Rxd3 Rexe5 33. Rxd5 Rxd5
34. Re1 Kf8 35. Re3 f6 36. Re6 Rd6 37. Re3 Kf7 38. Rc3 c5 39. h3 Rd4 40. g4 Ke6
41. Re3+ Kd7 42. Rc3 c4 43. Re3 b5 44. Rc3 Rd3 45. Rc2 Rxa3 46. Rd2+ Ke7 0-1

[Event "PRO League Group Stage"]
[Site "chess.com INT"]
[Date "2018.02.03"]
[Round "4"]
[White "Blit, Jacques"]
[Black "Yanayt, Eugene"]
[Result "1-0"]
[WhiteTitle "IM"]
[BlackTitle "FM"]
[WhiteElo "2374"]
[BlackElo "2203"]
[WhiteTeam "Buenos Aires Krakens"]
[BlackTeam "Las Vegas Desert Rats"]
[WhiteFideId "114839"]
[BlackFideId "2020165"]
[EventDate "2018.01.18"]

1. e4 c5 2. Nf3 d6 3. d4 cxd4 4. Nxd4 Nf6 5. f3 e5 6. Bb5+ Bd7 7. Bxd7+ Nbxd7 8.
Nf5 Qc7 9. Nc3 g6 10. Ne3 Nb6 11. O-O Be7 12. a4 a5 13. Qd3 O-O 14. Nb5 Qc5 15.
c4 Nfd7 16. b3 Qc6 17. Nc3 Nc5 18. Qc2 Ne6 19. Ncd5 Bd8 20. Bb2 Nd7 21. Rad1
Ndc5 22. g3 f5 23. exf5 gxf5 24. Nxf5 Qd7 25. f4 Nxf4 26. Rxf4 Bg5 27. Rg4 Ne6
28. Bxe5 1-0

[Event "PRO League Group Stage"]
[Site "chess.com INT"]
[Date "2018.02.03"]
[Round "4"]
[White "Boros, Denes"]
[Black "Brown, Michael William"]
[Result "1-0"]
[WhiteTitle "GM"]
[BlackTitle "IM"]
[WhiteElo "2457"]
[BlackElo "2506"]
[WhiteTeam "Webster Windmills"]
[BlackTeam "San Diego Surfers"]
[WhiteFideId "722340"]
[BlackFideId "2037602"]
[EventDate "2018.01.18"]

1. Nf3 d5 2. e3 Nf6 3. c4 e6 4. b3 Be7 5. Bb2 c6 6. d4 O-O 7. Bd3 Nbd7 8. O-O b6
9. Nbd2 Bb7 10. Qe2 Rc8 11. Rad1 Qc7 12. Rfe1 c5 13. cxd5 exd5 14. Rc1 Rfe8 15.
Ba6 Bd6 16. h3 h6 17. Rc2 Qb8 18. Rec1 Bxa6 19. Qxa6 Rc7 20. dxc5 Nxc5 21. Qb5
Nce4 22. Nxe4 dxe4 23. Rxc7 Bxc7 24. Bxf6 gxf6 25. Rxc7 exf3 26. Qd7 Rf8 27.
gxf3 a5 28. Qe7 Kh7 29. Kf1 b5 30. Rc6 b4 31. Qe4+ Kh8 32. Qf5 Rd8 33. Rxf6 Rd1+
34. Ke2 Qd8 35. Rxh6+ Kg8 36. Qg4+ 1-0

[Event "PRO League Group Stage"]
[Site "chess.com INT"]
[Date "2018.02.03"]
[Round "4"]
[White "Boros, Denes"]
[Black "Belous, Vladimir"]
[Result "0-1"]
[WhiteTitle "GM"]
[BlackTitle "GM"]
[WhiteElo "2457"]
[BlackElo "2567"]
[WhiteTeam "Webster Windmills"]
[BlackTeam "Rio Grande Ospreys"]
[WhiteFideId "722340"]
[BlackFideId "4174003"]
[EventDate "2018.01.18"]

1. e4 c5 2. Nf3 Nc6 3. Nc3 e6 4. Bb5 Nge7 5. O-O a6 6. Bd3 g6 7. a4 Bg7 8. Re1
O-O 9. Bf1 d6 10. d3 e5 11. Bg5 h6 12. Bh4 g5 13. Bg3 f5 14. exf5 Nxf5 15. Nd2
Ncd4 16. Nce4 d5 17. Nxc5 Nxg3 18. hxg3 Qb6 19. c3 Ne6 20. b4 Nxc5 21. bxc5 Qxc5
22. Nf3 Qxc3 23. Rc1 Qb4 24. Nxe5 Rxf2 25. d4 Rd2 26. Qh5 Qxd4+ 27. Kh1 Rf2 28.
Qg6 Rf6 29. Qh5 Bf5 30. Rc7 Raf8 31. Nf3 Bg4 32. Ree7 Rxf3 33. Rxg7+ Qxg7 34.
Rxg7+ Kxg7 35. Qxg4 Rxf1+ 36. Kh2 R1f5 37. Qd4+ R8f6 38. a5 h5 39. Qc3 d4 40.
Qxd4 Rxa5 41. Qd7+ Rf7 42. Qd4+ Kh7 43. Qd1 Rb5 44. Qd3+ Kg7 45. Qc3+ Rf6 46.
Qc7+ Rf7 47. Qc3+ Kh7 48. Qc2+ Rbf5 49. Qd1 Kh6 50. Qd8 Kh7 51. Qd3 a5 52. Kh3
b6 53. g4 hxg4+ 54. Kxg4 Kg6 55. Kh3 Kg7 56. Qd4+ R5f6 57. Kg4 Kh6 58. Qd8 Rf4+
59. Kh3 Rh4+ 60. Kg3 Rb4 61. Qh8+ Kg6 62. Qg8+ Kf6 63. Qd8+ Re7 64. Qh8+ Ke6 65.
Qc8+ Kd6 66. Qb8+ Kc6 67. Qa8+ Kc5 68. Qc8+ Kb5 69. Qf5+ Ka6 70. Qc8+ Kb5 71.
Qf5+ Ka4 72. Qc2+ Rb3+ 73. Kg4 Re3 74. Kxg5 b5 75. g4 Kb4 76. Qd2+ Rec3 77. Qd4+
Rc4 78. Qd2+ Ka4 79. Kh5 Rh3+ 80. Kg5 b4 81. Qd5 Rcc3 82. Qa2+ Kb5 83. Qe2+ Rhd3
84. Kf6 b3 85. g5 Kb4 86. g6 Rd6+ 87. Kg5 Rg3+ 88. Kf4 Rgxg6 89. Qe4+ Ka3 90.
Qa8 a4 91. Qb7 b2 0-1

[Event "PRO League Group Stage"]
[Site "chess.com INT"]
[Date "2018.02.03"]
[Round "4"]
[White "Boros, Denes"]
[Black "Ni, Hua"]
[Result "1/2-1/2"]
[WhiteTitle "GM"]
[BlackTitle "GM"]
[WhiteElo "2457"]
[BlackElo "2670"]
[WhiteTeam "Webster Windmills"]
[BlackTeam "Chengdu Pandas"]
[WhiteFideId "722340"]
[BlackFideId "8601160"]
[EventDate "2018.01.18"]

1. e4 e5 2. Nf3 Nc6 3. Bb5 Nf6 4. d3 Bc5 5. c3 O-O 6. O-O d6 7. Bg5 h6 8. Bh4 g5
9. Bg3 Nh5 10. Nbd2 Qf6 11. d4 Nxg3 12. hxg3 exd4 13. Bxc6 bxc6 14. e5 dxe5 15.
Ne4 Qe7 16. Nxc5 Qxc5 17. cxd4 exd4 18. Rc1 Qd6 19. Nxd4 Rd8 20. Qf3 Qxd4 21.
Rfd1 Bg4 22. Rxd4 Bxf3 23. Rxd8+ Rxd8 24. gxf3 Rd2 25. Rxc6 Rxb2 26. Rxh6 Rb6
27. Rh5 f6 28. f4 gxf4 29. gxf4 Ra6 30. Kg2 c6 31. Rc5 Kf7 32. Kf3 Ke6 33. Kg4
Kd6 34. Rf5 Ke6 35. Rc5 Kd6 36. Rf5 Rxa2 37. Rxf6+ Kd5 38. Rf7 a5 39. Kg5 Rxf2
40. Rf5+ Ke4 41. Rxa5 Rg2+ 42. Kf6 Kxf4 43. Rc5 Rh2 44. Ke7 Rh6 45. Kd7 Ke4 46.
Rxc6 Rxc6 47. Kxc6 1/2-1/2

[Event "PRO League Group Stage"]
[Site "chess.com INT"]
[Date "2018.02.03"]
[Round "4"]
[White "Shetty, Atulya"]
[Black "Izoria, Zviad"]
[Result "0-1"]
[WhiteTitle "IM"]
[BlackTitle "GM"]
[WhiteElo "2389"]
[BlackElo "2599"]
[WhiteTeam "Pittsburgh Pawngrabbers"]
[BlackTeam "San Jose Hackers"]
[WhiteFideId "2031213"]
[BlackFideId "13601733"]
[EventDate "2018.01.18"]

1. c4 Nf6 2. g3 c6 3. Bg2 d5 4. Nf3 Nbd7 5. O-O e5 6. d3 Bd6 7. b3 O-O 8. Bb2
Re8 9. a3 Nf8 10. b4 Ng6 11. cxd5 cxd5 12. Nc3 d4 13. Na4 Bf5 14. Nc5 Bxc5 15.
bxc5 Qd7 16. Rc1 Bh3 17. Qb3 Bxg2 18. Kxg2 Nd5 19. a4 Rac8 20. Nd2 Rc6 21. Ne4
Ngf4+ 22. gxf4 Nxf4+ 23. Kh1 Rh6 24. Ng5 Qc6+ 25. f3 Rxh2+ 26. Kxh2 Qh6+ 0-1